[Event "San Jose 1000 GM Spring Break 1B"]
[Site "San Jose"]
[Date "2024.03.30"]
[Round "4.1"]
[White "Solis Castro, Angel Alejan"]
[Black "Karunakaran, Kapilan"]
[Result "1-0"]
[WhiteElo "2071"]
[BlackElo "1965"]
[PlyCount "61"]
[EventDate "2024.03.29"]
[EventType "schev"]
[EventRounds "5"]
[EventCountry "USA"]
[SourceTitle "CB16_2024"]
[SourceDate "2024.04.17"]
[SourceVersion "1"]
[SourceVersionDate "2024.04.17"]
[SourceQuality "1"]

1. Nf3 Nf6 2. g3 d5 3. b3 Bf5 4. Bb2 h6 5. Bg2 e6 6. 0-0 c5 7. d3 Be7 8. Nbd2 0-0 9. Ne5 Qc7 10. e4 Bh7 11. f4 Nc6 12. Ng4 d4 13. f5 Nxg4 14. Qxg4 Ne5 15. Qe2 Qb6 16. Bc1 Bf6 17. Nc4 Qc6 18. Nxe5 Bxe5 19. f6 Bg6 20. h4 h5 21. Bg5 Qc7 22. g4 hxg4 23. Qxg4 Kh8 24. h5 Bh7 25. fxg7+ Bxg7 26. Rf6 Qe5 27. Qh4 Rg8 28. Rxf7 Raf8 29. Raf1 Rxf7 30. Rxf7 Re8 31. Bf4 1-0